000 00732nam a2200229 a 4500
001 39903
003 BD-RjUL
005 20211209053103.0
008 160419s1997 bg |||| |||| 00| 0 ben d
020 _c: Tk. 35.00
035 _a(BD-RjUL)40017
040 _aBD-RjUL
_bben
_cBD-RjUL
041 _aben
082 _223
_a891.441
_bDUF 1997
100 _aদুলাল, এম এ শোয়েব
_9122921
245 1 0 _aফেরাও আমাকে /
_cএম এ শোয়েব দুলাল
260 _aরংপুর :
_bরনি,
_c১৯৯৭
300 _a৪৮ পৃ. ;
_c২২ সেমি.
650 _aবাংলা কবিতা
_9122922
650 _aBengali Poetry
_9122923
942 _2ddc
_cBK
999 _c39903
_d39903